| 000 | 00377nam a22001217a 4500 | ||
|---|---|---|---|
| 082 | _a200 THE | ||
| 100 |
_aSana Zainab _915470 |
||
| 245 | _aTH-SOF-1388-Implementation and Optimization of Micro-hole Textured Si Solar Cell | ||
| 260 |
_aIslamabad _bNUST College of EME _c2017 |
||
| 650 | _aMS-ELECT-83 MSTHESIS | ||
| 700 |
_aSupervisor Dr. Mashhood Ahmad _969739 |
||
| 942 | _cCF | ||
| 999 |
_c577075 _d577075 |
||